000 00599nam a2200205Ia 4500
001 26220
003 AR-BaAGN
005 20231116141905.0
007 ta
008 211213s1929 ag |||||||||||||| ||spa d
040 _dAR-BaAGN
_aAR-BaAGN
_bspa
_eaacr
100 1 _aTorre Revello, José,
_d1893-1964
_95062
245 1 0 _aEnsayo biográfico sobre Juan de Solórzano Pereira /
_cJosé Torre Revello
260 _aBuenos Aires :
_bImprenta de la Universidad,
_c1929.
300 _a77 páginas
336 _2rdacontent
_btxt
337 _2rdamedia
_bn
338 _2rdacarrier
_bnc
942 _cLIBRO
_2ddc
_n0
999 _c26220
_d26220